|
|
|
|
| LEADER |
00000nam0a2200000 4500 |
| 001 |
297959 |
| 005 |
20231102001046.0 |
| 020 |
|
|
|a RU
|b 84-57829
|
| 035 |
|
|
|a (RuTPU)RU\TPU\book\323094
|
| 090 |
|
|
|a 297959
|
| 100 |
|
|
|a 20150613d1984 km y0rusy5003 ca
|
| 101 |
0 |
|
|a rus
|
| 102 |
|
|
|a RU
|
| 105 |
|
|
|a y z 001zb
|
| 200 |
1 |
|
|a Кант
|f Ю. Я. Баскин
|
| 210 |
|
|
|a Москва
|c Юридическая литература
|d 1984
|
| 215 |
|
|
|a 88 с.
|
| 225 |
1 |
|
|a Из истории политической и правовой мысли
|
| 320 |
|
|
|a Библиогр.: с. 84-87
|
| 600 |
|
1 |
|a Кант
|b И.
|c родоначальник немецкой классической философии
|f 1724-1804
|g Иммануил
|2 stltpush
|3 (RuTPU)RU\TPU\pers\208
|9 105
|
| 606 |
1 |
|
|a Классическая немецкая философия
|2 stltpush
|3 (RuTPU)RU\TPU\subj\14477
|9 40858
|
| 606 |
1 |
|
|a Государство и право
|x Теория
|2 stltpush
|3 (RuTPU)RU\TPU\subj\8388
|9 35806
|
| 610 |
1 |
|
|a философские проблемы
|
| 610 |
1 |
|
|a политические учения
|
| 610 |
1 |
|
|a Германия
|
| 610 |
1 |
|
|a история
|
| 610 |
1 |
|
|a 18 век
|
| 610 |
1 |
|
|a 19 век
|
| 686 |
|
|
|a Ю3(4Г)5-563
|2 rubbk
|
| 686 |
|
|
|a Х0
|2 rubbk
|
| 700 |
|
1 |
|a Баскин
|b Ю. Я.
|g Юрий Яковлевич
|4 070
|
| 801 |
|
0 |
|a RU
|b RuMRKP
|c 19950704
|g psbo
|
| 801 |
|
1 |
|a RU
|b 63413507
|c 20150613
|
| 801 |
|
2 |
|a RU
|b 63413507
|c 20190208
|g RCR
|
| 942 |
|
|
|c BK
|